Le meilleur de tous les temps - Statistiques

Statistiques générales
  • Ce quiz a été pris 39 fois
    15 depuis la dernière actualisation
  • Le résultat moyen est 6 sur 20
Statistiques - réponses
Hint Réponse % Correct
attaquant de foot messi
71%
sommet everest
64%
pilote de f1 hamilton
64%
océan pacifique
64%
rappeur eminem
57%
cuisine française
29%
BD tintin
29%
avion de ligne concorde
21%
jeu vidéo minecraft
21%
console playstation 2
21%
super héro spiderman
21%
animal (vitesse) faucon
14%
monstre de cinéma godzilla
14%
musée louvres
14%
pizza margherita
14%
empire mongol
14%
skieur candide thovex
7%
antagoniste dark vador
7%
arbre séquoia
7%
élément de survie couteau suisse
0%
Aucun quiz correspondant
Distribution des résultats
% des personnes avec chaque résultat
Percentile par nombre de réponses
Votre historique - résultats
Vous n’avez pas pris ce quiz depuis la dernière actualisation